000 00811nam a22002297a 4500
999 _c13855
_d13855
003 AR-CdUCM
008 190306b ||||| |||| 00| 0 spa d
040 _aMUNICIPALIDAD PROVINCIAL DEL CUSCO
_cBIBLIOTECA MUNICIPAL DEL CUSCO
082 _a498 /
_bAC168 / 1995
110 _aAcademia mayor de la lengua quechua /
_97946
245 _aDiccionario quechua - español - quechua :
_bSimi taqe /
260 _aCusco :
_bMercantil,
_c1995.
300 _a928 paginas ;
_c20 cm.
500 _aQheswa simi hamut´ana kurak suntur / qheswa - español - qheswa
505 _aContenido : Diccionario.
650 _aDiccionario
_95196
650 _aQuechua - Español
_910875
650 _aSimi taqe
_910876
710 _aMunicipalidad del Cusco (Editor)
_910877
942 _2ddc
_cLIBROS
945 _awnts
_d2019-04-16